Windows 8.1: tips, tricks and shortcuts / (Record no. 7501)
[ view plain ]
| 000 -LEADER | |
|---|---|
| fixed length control field | 01762nam a22001937a 4500 |
| 008 - FIXED-LENGTH DATA ELEMENTS--GENERAL INFORMATION | |
| fixed length control field | 111209t xxu||||| |||| 00| 0 eng d |
| 020 ## - INTERNATIONAL STANDARD BOOK NUMBER | |
| International Standard Book Number | 9781840786163 |
| 050 ## - LIBRARY OF CONGRESS CALL NUMBER | |
| Classification number | QA76.76.W56.Y28 |
| 100 ## - MAIN ENTRY--PERSONAL NAME | |
| Personal name | Yarnold, Stuart |
| 245 ## - TITLE STATEMENT | |
| Title | Windows 8.1: tips, tricks and shortcuts / |
| Statement of responsibility, etc. | Stuart Yarnold |
| 260 ## - PUBLICATION, DISTRIBUTION, ETC. | |
| Place of publication, distribution, etc. | Learnington Spa, UK : |
| Name of publisher, distributor, etc. | In Easy Steps Lt. , |
| Date of publication, distribution, etc. | 2014. |
| 300 ## - PHYSICAL DESCRIPTION | |
| Extent | ??ix,+ various pagings. |
| Other physical details | ill, |
| Dimensions | 28cm. |
| 440 ## - SERIES STATEMENT/ADDED ENTRY--TITLE | |
| Title | In Easy Steps |
| 500 ## - GENERAL NOTE | |
| General note | Includes index. Covers Windows 8.1 Update 1 and Windows RT 8.1 Update 1 |
| 505 ## - FORMATTED CONTENTS NOTE | |
| Formatted contents note | Contents: A multitude of helpful tips and tweaks that will not only answer many common questions but will also help you to get the most out of Windows 8 (and subsequent 8.1 update). You've mastered the basics of Windows 8 but now you're keen to find out more about what Microsoft's latest operating system can do and how you can use it in a quicker and more efficient way. Windows 8.1 Tips, Tricks and Shortcuts in Easy Steps is packed with all those useful tips that will help you get the most out of Windows 8, in the familiar In Easy Steps style. Windows 8.1 Tips, Tricks and Shortcuts in Easy Steps also contains a number of additional tips and tricks, like how to get the start button back, how to quickly repair Windows 8, how to give your PC a free tune-up, and many more, so that you can be confident that you're getting the most out of Windows 8. Additional topics include the new Windows 8 interface, keyboard shortcuts, customizing your PC, Internet tips, email, home entertainment, gaming, synchronizing data, privacy, instillation, and much more. Covers the 8.1 update due for release Fall 2013. |
| 650 ## - SUBJECT ADDED ENTRY--TOPICAL TERM | |
| Topical term or geographic name entry element | Operating Systems (Computers) |
| 650 ## - SUBJECT ADDED ENTRY--TOPICAL TERM | |
| Topical term or geographic name entry element | Microsoft Windows (Computer Program) |
| 942 ## - ADDED ENTRY ELEMENTS (KOHA) | |
| Source of classification or shelving scheme | Library of Congress Classification |
| Koha item type | Books |
| Withdrawn status | Lost status | Source of classification or shelving scheme | Damaged status | Not for loan | Home library | Current library | Shelving location | Date acquired | Full call number | Barcode | Date last seen | Price effective from | Koha item type |
|---|---|---|---|---|---|---|---|---|---|---|---|---|---|
| Library of Congress Classification | WISCONSIN INTERNATIONAL UNIVERSITY COLLEGE, GHANA KUMASI LIBRARY | WISCONSIN INTERNATIONAL UNIVERSITY COLLEGE, GHANA KUMASI LIBRARY | General Stacks | 15/11/2019 | QA76.76.W56.Y28 | K/2440/2440/19 | 14/07/2020 | 14/07/2020 | Books |
